01001nam a2200241 a 4500001001000000003000500010005001700015008004100032010001100073011001100084040000900095100003900104245017200143260004100315500006000356502007900416650005100495650004900546650003700595650002600632700003100658856007000689000112999CHAP20220329144332.0170310s2016 mx sm |||||||spa d a109460 a110432 cCHAP1 aFernández Diego, Franklin Efrain10aProducción de pepino (Cucumis sativus L.) y tilapia (Oreochromis spp.) en acuaponiah[En línea]cpor Franklin Efrain Fernández Diego y Sergio Nicolás Julián. aChapingo, Méx. :bEl autor,c2016. aPara ver el contenido del material haga clic en la liga aTesis (Agr. en Horticultura Protegida) -- UACH. Departamento de Fitotecnia14aCultivos acuapónicosxSoluciones nutritivas.14aPepinoxCultivos acuapónicosxRendimiento.14aTilapiaxCultivos acuapónicos.14aTilapiaxRendimiento.1 aNicolás Julián, Sergio aFinding aiduhttp://10.13.5.2/tesis/sist112999.pdfzTeclea aquí